=LDR 00000nam 2200000 4500 =001 INLIS00000000000088 =005 20260702043538 =020 ##$$a 978-623-8397-25-9 =082 ##$$a 006.379 =100 1#$$a Osaka, Sabrina =245 1 $$a Salad Segar Komunikasi: Seni Mengungkapkan Pikiran Dan Perasaan Tanpa Ribet /$c Sabrina Osaka =300 ##$$a 92 ; 12 x 18